Statistics for Australian Sports Greatest Since 2000

Click here to take the quiz!

General Stats

  • This quiz has been taken 72 times
  • The average score is 24 of 64

Answer Stats

HintAnswer% Correct
SWWarne
91%
CSSmith
88%
SSSmith
88%
RPPonting
84%
AJJohns
80%
AGGilchrist
75%
MJJohnson
70%
GAAblett
68%
TCCahill
68%
JLLanger
68%
GMMcGrath
68%
DWWarner
68%
JTThurston
64%
MHHayden
63%
LFFranklin
55%
HKKewell
55%
BSSlater
52%
GIInglis
45%
MHHussey
43%
BLLee
43%
NLLyon
43%
JLLyon
43%
TYPE CRICKETCRICKET
41%
CCCronk
41%
MVViduka
39%
TYPE AFLAFL
38%
TYPE NRLNRL
38%
TYPE SOCCERSOCCER
38%
CJJudd
36%
DLLockyer
34%
MVVoss
34%
AGClarke
32%
LHHodge
32%
PGGallen
30%
PSSiddle
30%
AGGoodes
29%
RHHarris
29%
SBBlack
27%
MBBresciano
25%
LNNeill
25%
NRRiewoldt
25%
MSSchwarzer
25%
BEEmerton
23%
JAAkermanis
21%
MPPavlich
21%
MRRyan
21%
DSSwan
21%
ATThompson
21%
MMMilligan
20%
SMMitchell
20%
MJJedinak
18%
VGGrella
16%
BHHarvey
14%
JSSelwood
14%
JHHodges
11%
BHHolman
11%
JHHayne
9%
MSScarlett
9%
DBBuderus
7%
PCCivoniceva
7%
MGGasnier
7%
SMMenzies
5%
MLLuongo
2%
MMMilliagn
0%

Score Distribution

Percentile by Number Answered

Percent of People with Each Score

Your Score History

You have not taken this quiz